Applied analysis by the Hilbert space method : an introduction with applications to the wave, heat, and Schrodinger equations

Αποθηκεύτηκε σε:
Λεπτομέρειες βιβλιογραφικής εγγραφής
Κύριος συγγραφέας: Holland, Samuel S. 1928-
Μορφή: Βιβλίο
Γλώσσα:English
Δημοσίευση: New York : M. Dekker, c1990
Σειρά:Monographs and textbooks in pure and applied mathematics ; ; 137
Θέματα:
Ετικέτες: Προσθήκη ετικέτας
Δεν υπάρχουν, Καταχωρήστε ετικέτα πρώτοι!

MARC

LEADER 00000cam a2200000 i 4500
001 1/53072
008 941103s1990 eng d
020 |a 0824782593  |c $55.00 
035 |l 10044606 
040 |a GR-MY-UA  |b gre  |e aacr 
041 0 |a eng 
082 0 |a 515.35  |2 (20) 
100 1 |a Holland, Samuel S.  |d 1928- 
245 1 0 |a Applied analysis by the Hilbert space method :  |b an introduction with applications to the wave, heat, and Schrodinger equations /  |c Samuel S. Holland 
260 |a New York :   |b M. Dekker,   |c c1990 
300 |a xii, 560 p.;  |b ill.;  |c 24 cm 
490 1 |a Monographs and textbooks in pure and applied mathematics  |v ; 137 
504 |a Includes index 
650 0 0 |a Differential equations. 
650 0 0 |a Hilbert space. 
650 0 0 |a Differential operators. 
830 0 |a Monographs and textbooks in pure and applied mathematics ;  |v ; 137 
852 |a INST  |b SAMOS  |e 19941103  |h 515.35 HOL  |p 005300007812  |q 005300007812  |t BK  |y 0 
909 |a Σ  |b 030314